Gentilicios de Chile - Estadísticas

Estadísticas generales
  • Esta prueba ha sido intentada 150 veces
  • La puntuación promedio es 28 de 53
Estadísticas de respuestas
Ciudad/Región Gentilicio % Correcto
Arica y Parinacota Ariqueño/Ariqueña, Parinacoteño/Parinacoteña
87%
Metropolitana de Santiago Santiaguino/Santiaguina
87%
Atacama Atacameño/Atacameña
83%
Antofagasta Antofagastino/Antofagastina
78%
Coquimbo Coquimbano/Coquimbana
77%
Tarapacá Tarapaqueño/Tarapaqueña
75%
Calama Calameño/Calameña
71%
Iquique Iquiqueño/Iquiqueña
71%
Arica Ariqueño/Ariqueña
70%
Ñuble Ñublense
70%
Santiago Santiaguino/Santiaguina
70%
Antofagasta Antofagastino/Antofagastina
68%
Valparaíso Porteño/Porteña
64%
Maule Maulino/Maulina
63%
Rancagua Rancagüino/Rancagüina
63%
Viña del Mar Viñamarino/Viñamarina
63%
Coquimbo Coquimbano/Coquimbana
62%
Talca Talquino/Talquina
57%
Temuco Temucano/Temucana, Temuquense
57%
Valdivia Valdiviano/Valdiviana
56%
Curicó Curicano/Curicana
55%
Sur Sureño/Sureña
55%
Osorno Osornino/Osornina
54%
Isla de Pascua Pascuense, Rapanui
54%
Chiloé Chilote/Chilota, Chiloense
53%
Copiapó Copiapino/Copiapina
53%
Concepción Penquista
53%
Chillán Chillanejo/Chillaneja, Chillanense
52%
Norte Nortino/Nortina
52%
Ovalle Ovallino/Ovallina
52%
Coyhaique Coyhaiquino/Coyhaiquina, Coihaiquino/Coihaiquina
49%
Linares Linarense, Linarino/Linarina
49%
Patagonia Patagón/Patagona
49%
La Serena Serenense
48%
Puerto Montt Portomontino/Portomontina, Puertomontino/Puertomontina
46%
Los Ángeles Angelino/Angelina
45%
Melipilla Melipillano/Melipillana
45%
Puerto Natales Natalino/Natalina
45%
Quillota Quillotano/Quillotana
45%
Magallanes y de la Antártica Chilena Magallánico/Magallánica
44%
Antártica Antártico/Antártica
41%
Puerto Aysén Aysenino/Aysenina, Aisenino/Aisenina
41%
Quilpué Quilpueíno/Quilpueína,Quilpueño/Quilpueña
40%
San Fernando Sanfernandino/Sanfernandina
39%
Aysén del General Carlos Ibáñez del Campo Aysenino/Aysenina, Aisenino/Aisenina
38%
Vallenar Vallenarino/Vallenarina
36%
Araucanía Araucanino/Araucanina
31%
Punta Arenas Puntarenense
30%
Los Ríos Riense
29%
Libertador General Bernardo O'Higgins Ohigginiano/Ohigginiana
28%
Biobío Biobano/Biobana, Biobense
22%
Juan Fernández Fernandeciano/Fernandeciana
10%
Los Lagos Lacustre
5%
No se encontraron pruebas coincidentes
Distribución de puntuación
Porcentaje de gente con cada puntuación
Porcentaje por número respondido
Historial de tus puntuaciones
No has intentado esta prueba.